The living river

Bibliographic Details
Main Author: Hester, Nigel
Format: Book
Published: London : Franklin Watts , 1991
Series:Nature watch
Subjects:

MARC

LEADER 00000cam a2200000 7i4500
001 0000002610
002 000002837
005 .0
020 |a 0749601809 
090 0 0 |a 030   |b NAT 
100 1 |a Hester, Nigel 
245 1 4 |a The living river   |c Nigel Hester 
260 |a London :   |b Franklin Watts ,   |c 1991 
300 |a 32 p. ;   |c 27 cm. 
490 0 |a Nature watch 
650 0 0 |a River   |x Juvenile literature 
999 |a 036119   |b BUKU   |c JUNIOR BOOKS   |e PERPUSTAKAAN KOMUNITI PETALING JAYA